000
00220nam a22001097a 4500
082
_a
570 MAK'B
100
_a
MAKIYENKO, N
_9
80661
245
_a
BENCH WORK
260
_a
MOSCOW
_b
MIR
_c
1967
300
_a
475P
942
_c
BK
999
_c
585558
_d
585558